LEADER 00782nam a2200205 i 4500 001 000000053136 003 CaOOAMICUS 005 20120901000000.0 008 120901s1968 it u000 u ita u 013 $a24308 040 $aSeMil$bita 100 1 $aFeliciani, Giorgio.$0(OLS)http://semarc/name/2537 245 12$aL'analogia nell'ordinamento canonico /$cGiorgio Feliciani. 260 $aMilano :$bGiuffrè,$c1968. 300 $a235 p. ;$c26 cm. 650 4$aDiritto canonico - Studi.$0(OLS)http://semarc/subject/1680 850 $aSeMil 852 $aSeMil$W1$xVenegono$y1$m2H III 135$j19290$B19290$CSeMilBibl$Z2$F19292 $81 996 $6245$aL'analogia nell'ordinamento canonico$9(OLS)http://semarc/title/81785 996 $6260$aMilano :$bGiuffrè$9(OLS)http://semarc/publisher/29926 LEADER 00698nam a2200181 i 4500 001 000000212981 003 CaOOAMICUS 005 20120504000000.0 008 120504s1863 it u000 u ita u 013 $a191831 040 $aSeMil$bita 245 12$aL'idillio di via Plumet e l'epopea in via S. Denis. 300 $a266, 236 p. :$bill. 773 0 $aHugo, Victor <1802-1885>$tMiserabili.$dMilano : G. Daelli e C., 1862-1863.$gParte4$w()26705 850 $aSeMil 852 $aSeMil$W1$xVenegono$y1$m1V I 61 FA$j163411$B163411$CSeMilBibl$Z2$F174516 $8I 961 $aOmaggio: Seminario del Duomo 996 $6245$aL'idillio di via Plumet e l'epopea in via S. Denis$9(OLS)http://semarc/title/307266